Developing and managing community water supplies : (Record no. 20237)
[ view plain ]
| 000 -LEADER | |
|---|---|
| fixed length control field | 00484nam a22001577a 4500 |
| 008 - FIXED-LENGTH DATA ELEMENTS--GENERAL INFORMATION | |
| fixed length control field | 230817b |||||||| |||| 00| 0 eng d |
| 020 ## - INTERNATIONAL STANDARD BOOK NUMBER | |
| International Standard Book Number | 978-0855981938 |
| 050 ## - LIBRARY OF CONGRESS CALL NUMBER | |
| Classification number | HD1695 |
| Item number | .D38 1993 |
| 100 ## - MAIN ENTRY--PERSONAL NAME | |
| Personal name | Davis, Jan |
| 245 ## - TITLE STATEMENT | |
| Title | Developing and managing community water supplies : |
| Remainder of title | Developing guidelines No. 8 by/ |
| Statement of responsibility, etc. | Jan Davis, Gerry Garvey and Michael Wood |
| 260 ## - PUBLICATION, DISTRIBUTION, ETC. (IMPRINT) | |
| Place of publication, distribution, etc. | UK |
| Name of publisher, distributor, etc. | Oxfam |
| Date of publication, distribution, etc. | 1993 |
| 300 ## - PHYSICAL DESCRIPTION | |
| Extent | vi, 178p. |
| 700 ## - ADDED ENTRY--PERSONAL NAME | |
| Personal name | Garvey, Gerry |
| 700 ## - ADDED ENTRY--PERSONAL NAME | |
| Personal name | Wood, Michael |
| 942 ## - ADDED ENTRY ELEMENTS (KOHA) | |
| Source of classification or shelving scheme | Library of Congress Classification |
| Koha item type | General Collection |
| Withdrawn status | Lost status | Source of classification or shelving scheme | Not for loan | Home library | Current library | Date acquired | Cost, normal purchase price | Inventory number | Total Checkouts | Full call number | Barcode | Date last seen | Copy number | Price effective from | Koha item type |
|---|---|---|---|---|---|---|---|---|---|---|---|---|---|---|---|
| Library of Congress Classification | Kabarak, Main Campus | Kabarak, Main Campus | 17/08/2023 | 2683.00 | 1208/2021 | HD1695 .D38 1993 C.1 | 031123 | 02/08/2024 | C.1 | 17/08/2023 | General Collection | ||||
| Library of Congress Classification | Kabarak, Main Campus | Kabarak, Main Campus | 17/08/2023 | 2683.00 | 1207/2021 | HD1695 .D38 1993 C.2 | 031124 | 02/08/2024 | C.2 | 17/08/2023 | General Collection |